000 01261cam a22001934a 4500
005 20250605163522.0
008 250528s ||||||||||||||||||||||||d
035 _a20937
020 _a9789608731035
040 _aGR-AtMCL
_bgre
_dGR-AtMCL
_eAACR2
245 1 _aΗθικά Ζητήματα στην Ψυχολογία
260 _bΙνστιτούτο Ψυχολογίας Και Υγείας,
_c2008
300 _a464
520 _aΤο βιβλίο απευθύνεται όχι μόνο σε ψυχολόγους, αλλά και σε όλους τους επαγγελματίες ψυχικής υγείας με στόχο να ενθαρύνει τον προβληματισμό, την αναρώτηση και τη συζήτηση για τα ηθικά ζητήματα που αντιμετωπίζουμε καθημερινά στην επαγγελματική μας πρακτική. Ηθική και Δεοντολογία και Επαγγελματική Ευθύνη, Ηθικά Ζητήματα στον Ακαδημαικό Χώρο, Ηθικά Ζητήματα στις Εφαρμογές της Ψυχολογίας.
700 1 _aΑναγνωστοπούλου Τάνια
942 _cBK
999 _c6014
_d6014